LEADER 01345nam 22003491i 450 001 000030065 005 20120514143350.0 010 $a978-88-06-06247-7$dEUR10.00 100 $a20120404d1965----km-y0itaa50------ba 101 1 $aita 102 $aIT 200 1 $aAspettando Godot$fSamuel Beckett,$ga cura di Carlo Fruttero 210 $aTorino$c<> Einaudi$d1965 215 $a111 p.$d18 cm 225 2 $aCollezione di teatro$v57 410 0$12001$aCollezione di teatro$v57 676 $a842.91$v(22. ed.)$9Letteratura drammatica francese, 1900-1999 700 1$aBeckett,$bSamuel$0131281 702 1$aFruttero,$bCarlo 801 0$aIT$bUniversitą della Basilicata - B.I.A.$gREICAT$2unimarc 912 $a000030065 996 $aEn attendant Godot$929789 997 $aUNIBAS BAS $aLETTERE CAT $aLCR$b01$c20120118$lBAS01$h1100 CAT $aLCR$b01$c20120119$lBAS01$h0752 CAT $aLCR$b01$c20120119$lBAS01$h0917 CAT $aSTD079$b01$c20120404$lBAS01$h1152 CAT $aMDL$b30$c20120514$lBAS01$h1433 FMT Z30 -1$lBAS01$LBAS01$mBOOK$1BASA1$APolo Storico-Umanistico$2DID$BDidattica$3FP/110794$6110794$5L110794$820120424$f04$FPrestabile Didattica Z30 -1$lBAS01$LBAS01$mBOOK$1BASA1$APolo Storico-Umanistico$2DID$BDidattica$3FP/110795$6110795$5L110795$820120424$f04$FPrestabile Didattica LEADER 02054nam 2200613 450 001 9910156180503321 005 20200520144314.0 010 $a1-78570-192-4 035 $a(CKB)3710000000985397 035 $a(MiAaPQ)EBC4772968 035 $a(Au-PeEL)EBL4772968 035 $a(CaPaEBR)ebr11320171 035 $a(CaONFJC)MIL980144 035 $a(OCoLC)939245137 035 $a(EXLCZ)993710000000985397 100 $a20170110h20162016 uy 0 101 0 $aeng 135 $aurcnu|||||||| 181 $2rdacontent 182 $2rdamedia 183 $2rdacarrier 200 04$aThe archaeology of darkness /$fedited by Marion Dowd and Robert Hensey 210 1$aOxford, [England] ;$aPhiladelphia, [Pennsylvania] :$cOxbow Books,$d2016. 210 4$d©2016 215 $a1 online resource (169 pages, 15 unnumbererd pages of plates) $cillustrations, tables 311 $a1-78570-191-6 320 $aIncludes bibliographical references at the end of each chapters. 606 $aSocial archaeology$vCongresses 606 $aEthnoarchaeology$vCongresses 606 $aLandscape archaeology$vCongresses 606 $aNight$xSocial aspects$xHistory$vCongresses 606 $aCaves$xSocial aspects$xHistory$vCongresses 606 $aLight and darkness$xSocial aspects$xHistory$vCongresses 606 $aPassage Graves culture$vCongresses 606 $aHuman ecology$xHistory$vCongresses 608 $aElectronic books. 615 0$aSocial archaeology 615 0$aEthnoarchaeology 615 0$aLandscape archaeology 615 0$aNight$xSocial aspects$xHistory 615 0$aCaves$xSocial aspects$xHistory 615 0$aLight and darkness$xSocial aspects$xHistory 615 0$aPassage Graves culture 615 0$aHuman ecology$xHistory 676 $a304.209 702 $aDowd$b Marion 702 $aHensey$b Robert 801 0$bMiAaPQ 801 1$bMiAaPQ 801 2$bMiAaPQ 906 $aBOOK 912 $a9910156180503321 996 $aThe archaeology of darkness$92127196 997 $aUNINA